banner koha

Estrutura da comunidade arbórea de fragmentos de floresta estacional semidecidual na bacia hidrográfica do rio São Domingos, Rio de Janeiro, Brasil (Registro n. 328966)

MARC details
000 -LÍDER
fixed length control field 04032nab a2200289 i 4500
003 - CÓDIGO MARC DA AGÊNCIA CATALOGADORA
Campo de controle BR-BrBNA
005 - DATA E HORA DA ÚLTIMA ATUALIZAÇÃO
Campo de controle 20241203083040.0
008 - CAMPO DE TAMANHO FIXO
fixed length control field 241203b2010 bl.qr|pooa||| 00| 0 por |
040 ## - FONTE DA CATALOGAÇÃO
Agência catalogadora BR-BrBNA
Idioma da catalogação por
072 ## - CATEGORIA AGRIS
Código AGRIS K10
072 ## - CATEGORIA AGRIS
Código AGRIS F70
100 ## - ENTRADA PRINCIPAL - NOME PESSOAL
Nome pessoal Dan, Maurício Lima
100 ## - ENTRADA PRINCIPAL - NOME PESSOAL
Nome pessoal Braga, João Marcelo Alvarenga
100 ## - ENTRADA PRINCIPAL - NOME PESSOAL
Nome pessoal Nascimento, Marcelo Trindade
245 ## - TÍTULO PRINCIPAL
Título principal Estrutura da comunidade arbórea de fragmentos de floresta estacional semidecidual na bacia hidrográfica do rio São Domingos, Rio de Janeiro, Brasil
500 ## - NOTA GERAL
Nota geral Publicação on-line; Bibliography p. 764-766 (50 ref.); 5 tables; 5 illus.; Summaries (En, Pt)
942 ## - ADDED ENTRY ELEMENTS (KOHA)
Koha item type Analítica
520 ## - NOTA DE RESUMO
Nota de conteúdo <br/><br/>Resumo<br/><br/>Pouco se conhece sobre a estrutura e composição florística das florestas do noroeste fluminense, intensamente<br/>fragmentadas. Assim, o presente estudo objetivou contribuir para o conhecimento da flora arbórea desta região<br/>respondendo as seguintes questões: Qual a composição florística dos fragmentos e que espécies os caracterizam? A<br/>comunidade arbórea dos fragmentos da Bacia Hidrográfica do Rio São Domingos (BHRSD) possui elevada riqueza e<br/>diversidade florística? Em que estádio sucessional se encontram os fragmentos florestais da BHRSD? Foram selecionados<br/>quatro fragmentos florestais. Em cada um dos fragmentos foram instaladas cinco parcelas de 20 m × 20 m. Todos os<br/>indivíduos vivos e mortos com DAP ≥ 5 cm foram amostrados. Um total de 198 táxons pertencentes a 52 famílias<br/>botânicas foi amostrado. As espécies mais abundantes foram Apuleia leiocarpa, Gallesia integrifolia, Dalbergia nigra<br/>e Guarea guidonia. Os valores de riqueza e de diversidade (H’) de espécies nas cinco diferentes áreas amostrais (0,2 ha)<br/>variaram de 33 a 89 e 2,81 a 3,87. Os fragmentos, apesar de secundários e em estádio intermediário de sucessão,<br/>apresentaram elevada diversidade, riqueza e uma composição peculiar de espécies arbóreas, que parece receber<br/>influências florísticas de formações florestais ombrófilas e semidecíduas do sudeste brasileiro. Sugere-se que estas<br/>referidas características estejam relacionadas à posição geográfica da região.<br/><br/>Palavras-chave: composição florística, diversidade arbórea, fragmentação florestal, noroeste fluminense.<br/>
520 ## - NOTA DE RESUMO
Nota de conteúdo <br/><br/>Abstract<br/><br/>Little is known about the structure and floristic composition of the highly fragmented northwestern Rio de Janeiro<br/>forests. Thus, this study aimed to address the following questions: What is the floristic composition and which species<br/>characterize it? Does the tree community show high species richness and diversity? What are the successional stages?<br/>Four fragments were selected. Five 20 m × 20 m plots were allocated in each fragment and all dead and alive trees<br/>≥ 5 cm DBH were sampled. A total of 198 taxa belonging to 52 families was sampled. The most important species were<br/>Apuleia leiocarpa, Gallesia integrifolia, Dalbergia nigra and Guarea guidonia. The values of richness and species<br/>diversity (H’) in five different sample areas (0.2 ha) ranged from 33 to 89 and from 2.81 to 3.87, respectively. The<br/>forest fragments, although secondary and in a mid-successional stage, had a particular species composition, high<br/>diversity and richness, and seem to have floristic influence from both semideciduous and evergreen forests of<br/>southeastern Brazil. These characteristics are probably related to the geographic position of the region.<br/><br/>Key words: floristic composition, tree diversity, forest fragments, northwestern Rio de Janeiro state.
650 ## - ASSUNTO - THESAGRO
Cabeçalho tópico ou nome geográfico COMPOSIÇÃO BOTÂNICA
650 ## - ASSUNTO - THESAGRO
Cabeçalho tópico ou nome geográfico BIODIVERSIDADE
650 ## - ASSUNTO - THESAGRO
Cabeçalho tópico ou nome geográfico FLORESTA
650 ## - ASSUNTO - THESAGRO
Cabeçalho tópico ou nome geográfico NOROESTE FLUMINENSE
773 0# - ENTRADA ANALÍTICA
Host Biblionumber 709
Registro do item 346876
Imprenta Rio de Janeiro-RJ Jardim Botanico do Rio de Janeiro 1935
Outro identificador 2024-7673
Título Rodriguésia (Brazil)
ISSN 0370-6583; 2175-7860 on-line
Colação v. 61(4) p. 749-766; (2010)
856 ## - ACESSO E ENDEREÇO ELETRÔNICO
Identificador uniforme de recurso - URI https://www.scielo.br/j/rod/a/jTZC9Xxs9BqDkrCnhggrH7K/?format=pdf&lang=pt

Nenhum exemplar disponível.

BINAGRI

Telefone: (61)3218-2567/2388/3357/2097 - binagri@agro.gov.br

Ministério da Agricultura e Pecuária , Esplanada dos Ministérios, Bloco D, Anexo B, Brasília/DF, CEP: 70.043-900